000 00368nam a22001457a 4500
003 OSt
005 20251124151228.0
008 251124b |||||||| |||| 00| 0 eng d
040 _cCL
100 _aCASS, KRISSA
245 _a The elite :
_ba selection novel /
260 _aNew York:
_bHarper Collins,
_cc2013.
300 _a322 p. ;
_c 21 cm.
942 _2ddc
_cFIC.
_n0
999 _c6119
_d6119